Dynamic responses of frame-shear wall buildings /
Saved in:
| 主要作者: | |
|---|---|
| 格式: | Thesis 图书 |
| 语言: | English |
| 出版: |
1991.
|
| 主题: | |
| 标签: |
添加标签
没有标签, 成为第一个标记此记录!
|
| LEADER | 00758cam a2200229 a 4500 | ||
|---|---|---|---|
| 001 | u226270 | ||
| 003 | SIRSI | ||
| 008 | 740410s1991 si v 00 1 eng m | ||
| 035 | |a ABA-9413 | ||
| 040 | |a UMM | ||
| 090 | |a TH891 |b Roc | ||
| 100 | 1 | 0 | |a Rochimat, Agus. |
| 245 | 1 | 0 | |a Dynamic responses of frame-shear wall buildings / |c by Agus Rochimat. |
| 260 | |c 1991. | ||
| 300 | |a ix, 98 leaves : |b ill. ; |c 30 cm. | ||
| 502 | |a Dissertation (M.Eng.) -- National University of Singapore, 1991. | ||
| 504 | |a Bibliography: leaves 52-54. | ||
| 650 | 0 | |a Buildings |x Aerodynamics |x Mathematical models | |
| 650 | 0 | |a Wind-pressure |x Mathematical models. | |
| 948 | |a 01/08/1992 |b 25/10/2002 | ||
| 596 | |a 1 | ||
| 999 | |a TH891 ROC |w LC |c 1 |i A504572789 |l STACKS |m P01UTAMA |r Y |s Y |t TESIS |u 29/8/1995 | ||
